[Event "OP-2016-0-04122"]
[Site "LSS email"]
[Date "2016.08.21"]
[Round "?"]
[White "Agacevic, Damir"]
[Black "Neuhausen, Rainer"]
[Result "0-1"]
[WhiteElo "800"]
[BlackElo "1139"]
[PlyCount "28"]
[EventDate "2016.08.07"]
[EventType "tourn (corr)"]
[EventRounds "4"]
[EventCountry "GER"]
[SourceTitle "Corr 2022"]
[Source "ChessBase"]
[SourceDate "2021.10.24"]
[SourceVersion "1"]
[SourceVersionDate "2021.10.24"]
[SourceQuality "1"]

1. d4 d5 2. c4 e5 3. dxe5 d4 4. Nf3 Nc6 5. Nbd2 Bg4 6. a3 a5 7. h3 Bh5 8. Qa4 Bc5 9. Qb5 Nge7 10. Qxc5 0-0 11. b3 b6 12. Qb5 Na7 13. Qa4 Nac6 14. Bb2 Bg6 0-1

[Event "OP-2016-0-04098"]
[Site "LSS email"]
[Date "2016.07.14"]
[Round "?"]
[White "Agacevic, Damir"]
[Black "Ederer, Karel"]
[Result "1/2-1/2"]
[WhiteElo "800"]
[BlackElo "1996"]
[PlyCount "54"]
[EventDate "2016.07.09"]
[EventType "tourn (corr)"]
[EventRounds "4"]
[EventCountry "GER"]
[SourceTitle "Corr 2022"]
[Source "ChessBase"]
[SourceDate "2021.10.24"]
[SourceVersion "1"]
[SourceVersionDate "2021.10.24"]
[SourceQuality "1"]

1. d4 d5 2. c4 e6 3. Nf3 Nf6 4. g3 Bb4+ 5. Bd2 Be7 6. Bg2 0-0 7. 0-0 Nbd7 8. Qc2 c6 9. Bf4 h6 10. Rd1 b6 11. Ne5 Bb7 12. Nc3 g5 13. cxd5 cxd5 14. Be3 Rc8 15. Rac1 b5 16. Qd2 b4 17. Na4 Nxe5 18. dxe5 Nd7 19. b3 Bc6 20. Nc5 Nxc5 21. Bxc5 Bxc5 22. Rxc5 Qb6 23. Rdc1 Bb7 24. Rxc8 Rxc8 25. h4 Rxc1+ 26. Qxc1 gxh4 27. Qxh6 hxg3 1/2-1/2